000 00271nam a22001217a 4500
008 180215b xxu||||| |||| 00| 0 eng d
041 _aeng
080 _a32
100 _a19
101 _aPOL
245 _aPoverty in america democracy
_cWashington,D.C
942 _2udc
_cBK
999 _c42644
_d42644